| 000 | 00403nam a22001457a 4500 | ||
|---|---|---|---|
| 082 |
_a370.733 _bMOR _cL-29, p-32 |
||
| 100 |
_aMort R. _938256 |
||
| 245 |
_aModern educational practice _cMort R. |
||
| 260 |
_aNew York _bMcGraw Hill Book Company, INC _c1950 |
||
| 300 | _aviii, 437 p.: | ||
| 526 |
_a0 _b0 _c0 _d370_733000000000000_MOR |
||
| 650 |
_aMCE _9379 |
||
| 700 |
_aMort R. _938256 |
||
| 942 |
_2ddc _cBK |
||
| 999 |
_c542898 _d542898 |
||